000 00549nam a2200169 a 4500
008 061114s1976 ||||||||||||||||| || u
050 _aHG 939 Fis.
100 _aFisher, Douglas
245 1 0 _aMonetary policy
260 _aLondon
_bMacmillan
_c1976
300 _a91p.
350 _a0.00
650 0 _aECONOMICS
650 _aCURRENCY QUESTION
650 0 _aECONOMIC POLICY
995 _D0.00
_FCBU-MAIN LIBRARY (Kitwe)
_H1
_I0.00
_M1
_UAVAILABLE
_WNov 14, 2006
_ZMain Library Open Access Collection
999 _c51575
_d51575